00947nam a22002057a 45000010005000000030006000050050017000110080041000280200018000690400030000871000029001172450099001462600041002453000043002865050008003295200323003375210029006605210020006897000032007094035FISKH20240531160454.0240531b cb ||||| |||| 00| 0 eng d a9780673611970 aFISKHbeng cFISKHdFISKH aNewell, Robert eauthor  aThe Fox and the Crow : An Aesop Fable /cretold by Robert Newell : illustrated by Manuel King  aNew York : bScott Foresman ; c2000 a16 pages : billustrations ;c21 cm .  aH  aThis book provides practice in reading the high-frequency words could, have, need, and was. It also provides practice reading words with the short vowel sounds a, i, u and words that begin with two blended consonants, such as cr in crow or bl in black ... Phonics skill: Short a, i u; l, r, and s blends.-Cover p. [3] 8 a430 bLexile estimate 8 aH bRaz-Plus  aKing, Manuel eillustrator